| 000 | 00732nam a22002297a 4500 | ||
|---|---|---|---|
| 005 | 20251108173233.0 | ||
| 008 | 250721s2005 xx 000 0 ara d | ||
| 020 | _a9957021974 | ||
| 082 | 1 | 4 | _a303.404/جاب |
| 100 | 1 |
_aالجابري، علي حسين _eمؤلف |
|
| 245 | 1 | 0 | _aالإنسان المعاصر بين غروب الحضارة و إغترابه : دراسة في جدلية الخوف / |
| 264 | 1 |
_aعمان : _bدار مجدلاوي للنشر و التوزيع، _c2005. |
|
| 300 | _a252ص. | ||
| 650 | 1 | 7 | _aالحضارات |
| 650 | 1 | 7 | _aالتقانات |
| 650 | 1 | 7 | _aالغرب |
| 650 | 1 | 7 | _aالعرب |
| 650 | 1 | 7 | _aالحداثة |
| 650 | 1 | 7 | _aالتدويل |
| 942 |
_2ddc _cBK |
||
| 999 |
_c99219 _d99219 |
||